Fungálne polosuché fermentácie ako spôsob zužitkovania odpadov

Uložené v:
Podrobná bibliografia
Hlavný autor: Siminiuk, Anhelina (Autor)
Ďalší autori: Klempová, Tatiana (Vedúci práce)
Médium: Rukopis Kniha
Jazyk:Slovak
Vydavateľské údaje: 2025
Predmet:
On-line prístup:http://is.stuba.sk/zp/portal_zp.pl?podrobnosti=178154
Tagy: Pridať tag
Žiadne tagy, Buďte prvý, kto otaguje tento záznam!

MARC

LEADER 00000ntm a22000003a 4500
001 stuzp104714
003 SK-STU
005 20250628211927.1
007 ta
008 150427s2015----xo-----f-mn---000-0-slo-d
040 |a STU  |b slo 
041 0 |a slo 
100 1 |a Siminiuk, Anhelina  |u 044000  |4 aut  |U FCHPT Fakulta chemickej a potravinárskej technológie  |T FCHPT Ústav biotechnológie  |X 122402  |U C4000  |Y 102  |7 122402 
242 0 1 |a Fungal solid-state fermentations as a method of waste utilization  |y eng 
245 1 0 |a Fungálne polosuché fermentácie ako spôsob zužitkovania odpadov 
260 |c 2025 
650 4 |a Umbelopsis isabellina  |2 slo 
650 4 |a GLA  |2 slo 
650 4 |a polosuché fermentácie  |2 slo 
650 4 |a β-karotén  |2 slo 
650 4 |a solid-state fermentation  |2 eng 
650 4 |a β-carotene  |2 eng 
650 4 |a Umbelopsis isabellina  |2 eng 
650 4 |a GLA  |2 eng 
700 1 |a Klempová, Tatiana  |u 044000  |k Z1  |4 ths  |U FCHPT Fakulta chemickej a potravinárskej technológie  |T FCHPT Ústav biotechnológie  |X 21604  |U C4000  |Y 102  |7 A000021604 
856 4 |u http://is.stuba.sk/zp/portal_zp.pl?podrobnosti=178154